000 00580nam a22002417a 4500
003 UA-OsUOA
001 29575
007 ta
008 20041013b un ||||| |||| 00| 0 ukr d
100 _aОлійник В. П.
090 _a82.09(477)
_bО-53
942 _cBK
040 _aUA-OsUOA
_bukr
_cUA-OsUOA
_dUA-OsUOA
245 _aТворчіть Степана Васильченка
300 _a208 с.
955 _a0
041 _aukr
080 _a82.09(477)
260 _aКиїв
_bВища школа
_c1979
044 _aUA
650 7 _2UDC
999 _c315967
_d315967